Quản trị nguồn nhân lực

Trình bày những kiến thức cơ bản liên quan đến lĩch vực quản trị nguồn nhân lực hàng không cụ thể như: hình thành và phát triển nguồn, nhân lực hàng không, kích thích lao động hàng không, quản trị năng suất lao động hàng không kèm theo các c...

Ful tanımlama

Kaydedildi:
Detaylı Bibliyografya
Yazar: Milkovich, George T.
Materyal Türü: Kitap
Dil:Undetermined
Baskı/Yayın Bilgisi: Hà Nội Thống kê 2002
Konular:
Etiketler: Etiketle
Etiket eklenmemiş, İlk siz ekleyin!
Thư viện lưu trữ: Trung tâm Học liệu Trường Đại học Cần Thơ
LEADER 01042nam a2200205Ia 4500
001 CTU_64658
008 210402s9999 xx 000 0 und d
020 |c 130000 
082 |a 658.3 
082 |b M644 
100 |a Milkovich, George T. 
245 0 |a Quản trị nguồn nhân lực 
245 0 |c George T. Milkovich, John W. Boudreau ; Vũ Trọng Hùng ( dịch ) ; Phan Thăng ( hiệu đính và biên tập ) 
260 |a Hà Nội 
260 |b Thống kê 
260 |c 2002 
520 |a Trình bày những kiến thức cơ bản liên quan đến lĩch vực quản trị nguồn nhân lực hàng không cụ thể như: hình thành và phát triển nguồn, nhân lực hàng không, kích thích lao động hàng không, quản trị năng suất lao động hàng không kèm theo các câu hỏi thực hành 
650 |a Personal management 
904 |i QHieu đã sửa 
980 |a Trung tâm Học liệu Trường Đại học Cần Thơ